| 000 | 00775cab a2200229 4500 | ||
|---|---|---|---|
| 001 | ABS43319 | ||
| 008 | 090401t1990 xxu||||| |||| 00| 0 eng d | ||
| 035 | _a(Sirsi) u41331 | ||
| 041 | _aeng | ||
| 100 | _aRawson, J. | ||
| 245 | _aUser-friendly buildings | ||
| 260 | _c1990 | ||
| 350 | _a0 | ||
| 490 |
_aArchitects` Journal _v192(10) 5 September 1990, 67-71(2) |
||
| 520 | _aReports on the idea of operating manual s to be provided by architects for clients taking over a building. Points out what is already on offer and the benefits of such a manual. | ||
| 650 | _aBUILT ENVIRONMENT-BUILDING MAINTENANCE AND REFURBISHMENT | ||
| 650 | _aOFFICES | ||
| 650 |
_aProperty management _96262 |
||
| 690 |
_aBlock management _96220 |
||
| 942 | _n0 | ||
| 948 | _c04/03/1997 | ||
| 999 |
_c26562 _d26562 |
||